[Event "Metz op-B 29th"]
[Site "Metz"]
[Date "2011.05.08"]
[Round "9"]
[White "Hector, Pierre"]
[Black "Malglaive, Jean Louis"]
[Result "1-0"]
[WhiteElo "1890"]
[BlackElo "1815"]
[PlyCount "61"]
[EventDate "2011.05.02"]
[EventType "swiss"]
[EventRounds "9"]
[EventCountry "FRA"]
[SourceTitle "EXT 2013"]
[Source "ChessBase"]
[SourceDate "2012.11.22"]
[SourceVersion "1"]
[SourceVersionDate "2012.11.22"]
[SourceQuality "1"]

1. d4 Nf6 2. c4 c5 3. d5 e6 4. Nc3 exd5 5. cxd5 d6 6. e4 g6 7. f4 Bg7 8. Nf3 0-0 9. Be2 Bg4 10. 0-0 Na6 11. Be3 Qe7 12. e5 Nd7 13. Qd2 Rae8 14. Rae1 dxe5 15. d6 Qd8 16. fxe5 Bxf3 17. Bxf3 Nxe5 18. Be2 Nd7 19. Nd5 Re6 20. Ne7+ Kh8 21. Bc4 Rxe3 22. Rxe3 Bd4 23. Kh1 Bxe3 24. Qxe3 Kg7 25. Qc3+ f6 26. Re1 Nab8 27. Nf5+ Kh8 28. Re7 h5 29. Qe3 g5 30. Qe2 g4 31. Qe3 1-0

[Event "FRA-ch U16"]
[Site "Troyes"]
[Date "2010.04.11"]
[Round "1"]
[White "Hector, Pierre"]
[Black "Barbot, Pierre"]
[Result "1/2-1/2"]
[WhiteElo "1821"]
[BlackElo "2111"]
[PlyCount "71"]
[EventDate "2010.04.11"]
[EventType "swiss"]
[EventRounds "9"]
[EventCountry "FRA"]
[SourceTitle "EXT 2012"]
[Source "ChessBase"]
[SourceDate "2011.11.24"]
[SourceVersion "1"]
[SourceVersionDate "2011.11.24"]
[SourceQuality "1"]

1. d4 Nf6 2. c4 e6 3. Nf3 c5 4. g3 b6 5. Bg2 Bb7 6. 0-0 Be7 7. Nc3 d5 8. cxd5 exd5 9. Bf4 0-0 10. Rc1 Nc6 11. dxc5 bxc5 12. Na4 Qa5 13. Bd2 Qb5 14. Nc3 Qa6 15. Bg5 d4 16. Bxf6 gxf6 17. Ne4 Qb5 18. Nh4 Bc8 19. Qb3 Rb8 20. Qf3 Kg7 21. Nf5+ Bxf5 22. Qxf5 Ne5 23. Rxc5 Bxc5 24. Qxf6+ Kg8 25. Qxe5 Bb4 26. Nf6+ Kh8 27. Qxd4 Qg5 28. Nd7+ Qg7 29. Qxg7+ Kxg7 30. Nxb8 Rxb8 31. Rc1 Ba5 32. Rc2 Rd8 33. Be4 h6 34. Kg2 Bb6 35. f4 Rd4 36. Kf3 1/2-1/2

[Event "FRA-ch Juniors op"]
[Site "Aix les Bains"]
[Date "2009.04.19"]
[Round "1"]
[White "Hector, Pierre"]
[Black "Dupeux, Simeon"]
[Result "1-0"]
[WhiteElo "1739"]
[BlackElo "1410"]
[PlyCount "47"]
[EventDate "2009.04.19"]
[EventType "swiss"]
[EventRounds "9"]
[EventCountry "FRA"]
[SourceTitle "CBM 130 Extra"]
[Source "ChessBase"]
[SourceDate "2009.07.02"]
[SourceVersion "2"]
[SourceVersionDate "2009.07.15"]
[SourceQuality "1"]

1. d4 d5 2. c4 Nf6 3. Nf3 c5 4. cxd5 cxd4 5. Qxd4 Qxd5 6. Nc3 Qxd4 7. Nxd4 e5 8. Ndb5 Na6 9. e4 Bb4 10. Bd2 Bd7 11. f3 0-0 12. 0-0-0 Bxb5 13. Nxb5 Rac8+ 14. Bc3 Bxc3 15. Nxc3 Nb4 16. Kb1 Nc6 17. Nd5 Nxd5 18. Rxd5 Rfd8 19. Bc4 Nb4 20. Rxd8+ Rxd8 21. a3 Nd3 22. Rd1 Rd4 23. Rxd3 Rxc4 24. Rd8# 1-0